000 00321nam a22001337a 4500
003 SGT
082 _a617.63
_bO13B
100 _aBHAT, PRIYANKA
245 _aORAL MANIFESTATIONS OF PSTCHOSOMATICS DISORDERB
260 _aDELHI NCR
_bSGTU GURUGRAM
_c2013
300 _a1-123
650 _aORAL MEDICINE
942 _2ddc
_cTH
999 _c18007
_d18007